000 00563cab a2200205 4500
001 X1120
008 090401t1993 xxu||||| |||| 00| 0 eng d
035 _a(Sirsi) u14783
041 _aeng
245 _aAgricultural occupancy condition
260 _c1993
350 _a0
490 _aCS Monthly : Rural Practice
_v3(2) October 1993, 7(1)
520 _aLliw Valley BC v SoS for Wales and Evans
650 _aAGRICULTURAL DWELLING
650 _aAGRICULTURAL OCCUPANCY CONDITION
690 _aPLANNING LAW AND PRACTICE
942 _n0
948 _c04/03/1997
999 _c9651
_d9651